| 000 | 00602nam a22001937a 4500 | ||
|---|---|---|---|
| 999 |
_c196802 _d196802 |
||
| 005 | 20230727162443.0 | ||
| 010 | _aENG-137628 | ||
| 020 | _c1800.00 | ||
| 035 | _aEN-121160 | ||
| 037 | _bDBAD/PUB | ||
| 082 | _a581.095432 | ||
| 100 | _aRajagopal, P.K. | ||
| 245 |
_aPteridophytes of Karnataka State, India _cby P.K. Rajagopal _hENG |
||
| 260 |
_bVinayaka Prakashana _c2016 _aKarnataka |
||
| 270 |
_aVinayaka Second Road, Hayagreeva Nagara Indrali, Udupi- 576102 _bIndrali |
||
| 300 |
_a233p. _c24cm(pbk) |
||
| 700 | _aK. Gopalakrishna Bhat | ||
| 942 |
_2ddc _cEN _h581.095432 _kRAJ |
||